Quiz sulla storia della Corea del Nord - Statistics

Statistiche generali
  • Questo quiz è stato fatto 18 volte
  • Il punteggio medio è 10 su 14
Statistiche sulle risposte
DOMANDA RISPOSTA % Corretto
Numero di partiti presenti all'interno della nazione 1/Uno
100%
Capitale scelta per la Corea del Nord Pyongyang
100%
Quale paese ha sostenuto militarmente e maggiormente la Corea del Nord durante la Guerra di Corea Cina
92%
Nazione che stabilì un protettorato sulla Coree fino al 1945 Giappone
92%
Anno di spartizione delle due Coree 1948
77%
Anno di fine 1953
77%
Come sopra Kim Jong Un
77%
Anno d'inizio della Guerra di Corea 1950
69%
Forma di religione obbligata dallo stato Ateismo
54%
Partito che governa la nazione dalla sua indipendenza Comunista
54%
Zona che funge da cuscinetto tra le 2 Coree (DMZ) Demilitarizzata
54%
Nome completo dei tre presidenti che hanno governato la Corea del Nord dalla sua indipendenza Kim Il Sung
54%
Come sopra Kim Jong Il
54%
Valuta nordcoreana Won
23%
Nessun quiz corrispondente trovato
Distribuzione punteggi
Percentuale di utenti per punteggio
Percentile per numero di risposta
I tuoi punteggi nel tempo
Non hai fatto questo quiz